Finefekt Príloha Hospodárskych novín

Z obsahu prílohy: Privatizačné názory, projekty a realita. Prvá komunálna banka boduje. Ratingové "známkovanie". Lokality s inštalovaným bankomatom Všeobecnej úverovej banky, a.s.

Salvato in:
Dettagli Bibliografici
Autore principale: Kuček, M.
Altri autori: Herzogová, Emília, Ferancová, Tatiana
Natura: Capitolo di libro
Lingua:slovacco
Soggetti:
Tags: Aggiungi Tag
Nessun Tag, puoi essere il primo ad aggiungerne!!

MARC

LEADER 00000naa a2200000 4500
001 r025571
005 20230824085339.4
041 0 |a slo 
044 |a SK 
245 1 0 |a Finefekt  |b Príloha Hospodárskych novín  |c M. Kuček, Tatiana Ferancová, E. Herzogová 
520 |a Z obsahu prílohy: Privatizačné názory, projekty a realita. Prvá komunálna banka boduje. Ratingové "známkovanie". Lokality s inštalovaným bankomatom Všeobecnej úverovej banky, a.s. 
610 2 0 |a Slovensko 
610 2 0 |a 1997 
610 2 0 |a financie 
610 2 0 |a privatizácia 
610 2 0 |a rating 
610 2 0 |a bankovníctvo 
610 2 0 |a Prvá komunálna banka, a.s. Bratislava 
610 2 0 |a Komerční banka, a.s. Bratislava 
610 2 0 |a VÚB, a.s. Bratislava 
100 1 |a Kuček, M. 
700 1 |a Herzogová, Emília 
700 1 |a Ferancová, Tatiana